[Event "Mumbai Wealth U13 op 5th"]
[Site "Mumbai"]
[Date "2020.01.04"]
[Round "6"]
[White "Nanal, Arnav"]
[Black "Bagwe, Gaurang"]
[Result "1/2-1/2"]
[WhiteElo "1605"]
[BlackElo "1801"]
[PlyCount "122"]
[EventDate "2019.12.30"]
[EventType "swiss"]
[EventRounds "9"]
[EventCountry "IND"]
[SourceTitle "CBM 194 Extra"]
[Source "ChessBase"]
[SourceDate "2020.03.31"]
[SourceVersion "1"]
[SourceVersionDate "2020.03.31"]
[SourceQuality "1"]

1. d4 d5 2. Bf4 c6 3. c3 Bf5 4. e3 e6 5. Nd2 Bd6 6. Bg3 h5 7. Ngf3 h4 8. Bxd6 Qxd6 9. h3 Nd7 10. Be2 Ne7 11. c4 f6 12. Rc1 Kf7 13. Qb3 g5 14. cxd5 cxd5 15. Nh2 b6 16. 0-0 Rac8 17. Bf3 Rc7 18. Rxc7 Qxc7 19. Qa3 Rc8 20. Nb3 Qb7 21. Bh5+ Kf8 22. Rc1 Rxc1+ 23. Nxc1 Qc7 24. Ne2 a5 25. Qc3 Qxc3 26. Nxc3 Nc6 27. Be2 Nb4 28. Bb5 Ke7 29. a3 Nd3 30. Nd1 e5 31. Nf3 exd4 32. Nxd4 Bg6 33. Bxd3 Bxd3 34. Nc3 Kd6 35. b4 Ne5 36. Ndb5+ Bxb5 37. Nxb5+ Kd7 38. Kf1 axb4 39. axb4 Nc6 40. g3 hxg3 41. fxg3 Nxb4 42. h4 Ke6 43. Ke2 Kf5 44. Kf3 gxh4 45. gxh4 Nd3 46. Nc7 Ne5+ 47. Ke2 Ke4 48. h5 Ng4 49. Na8 b5 50. Nc7 b4 51. Na6 b3 52. Nc5+ Kf5 53. Nxb3 Ne5 54. Nc5 Nc6 55. Kd3 Kg5 56. Ne6+ Kxh5 57. Nf4+ Kg4 58. Nxd5 f5 59. e4 Ne5+ 60. Ke3 Nc4+ 61. Kd4 fxe4 1/2-1/2

[Event "Gujarat op 2nd"]
[Site "Ahmedabad"]
[Date "2019.09.29"]
[Round "10"]
[White "Zia, Tahsin Tajwar"]
[Black "Nanal, Arnav"]
[Result "1-0"]
[WhiteElo "2142"]
[BlackElo "1587"]
[PlyCount "99"]
[EventDate "2019.09.22"]
[EventType "swiss"]
[EventRounds "10"]
[EventCountry "IND"]
[SourceTitle "EXT 2020"]
[Source "ChessBase"]
[SourceDate "2019.10.17"]
[SourceVersion "1"]
[SourceVersionDate "2019.10.17"]
[SourceQuality "1"]

1. d4 Nf6 2. Bg5 c5 3. d5 Qb6 4. Nc3 Qxb2 5. Bd2 Qb6 6. e4 d6 7. f4 g6 8. Nf3 Bg7 9. Rb1 Qc7 10. Bc4 a6 11. a4 0-0 12. 0-0 Nbd7 13. Re1 Nb6 14. Bf1 Nh5 15. a5 Nd7 16. Na4 Rb8 17. c4 Ndf6 18. Nb6 Nd7 19. Na4 Ndf6 20. Bd3 Bg4 21. h3 Bxf3 22. Qxf3 Nd7 23. Nb6 Nhf6 24. Bc3 Nxb6 25. axb6 Qd8 26. e5 Nd7 27. Bc2 dxe5 28. fxe5 f6 29. e6 Ne5 30. Qe2 Qd6 31. h4 Ra8 32. h5 g5 33. Rf1 f5 34. Rxf5 Rxf5 35. Bxf5 Rf8 36. Rf1 h6 37. Qe4 Kh8 38. Re1 Nxc4 39. Bxg7+ Kxg7 40. Bh3 Qf4 41. Qg6+ Kh8 42. Qxh6+ Kg8 43. Qg6+ Kh8 44. Re4 Qc1+ 45. Kh2 Nd2 46. Qh6+ Kg8 47. Qxg5+ Kh7 48. Qg6+ Kh8 49. Qh6+ Kg8 50. Rg4# 1-0

[Event "Gujarat op 2nd"]
[Site "Ahmedabad"]
[Date "2019.09.24"]
[Round "4"]
[White "Nanal, Arnav"]
[Black "Thanki, Hemal Karsanji"]
[Result "0-1"]
[WhiteElo "1587"]
[BlackElo "2098"]
[PlyCount "78"]
[EventDate "2019.09.22"]
[EventType "swiss"]
[EventRounds "10"]
[EventCountry "IND"]
[SourceTitle "EXT 2020"]
[Source "ChessBase"]
[SourceDate "2019.10.17"]
[SourceVersion "1"]
[SourceVersionDate "2019.10.17"]
[SourceQuality "1"]

1. d4 g6 2. Nf3 Bg7 3. Bf4 d6 4. e3 Nd7 5. h3 e5 6. Bh2 Nh6 7. Be2 0-0 8. 0-0 Kh8 9. Nbd2 Qe7 10. c3 e4 11. Ne1 f5 12. Nc2 Nf6 13. Kh1 g5 14. Rg1 f4 15. Qe1 f3 16. Bf1 g4 17. Bf4 fxg2+ 18. Rxg2 gxh3 19. Rh2 Qf7 20. Bxh3 Nhg4 21. Rg2 Qh5 22. Rg3 Nd5 23. Kg2 Rxf4 24. exf4 Nxf4+ 25. Kf1 Nxh3 26. Qe2 d5 27. Ne3 Nf4 28. Qb5 c6 29. Qa5 Qh1+ 30. Rg1 Nh2+ 31. Ke1 Qxg1+ 32. Ndf1 Nd3+ 33. Kd1 Bg4+ 34. Kc2 Qxf2+ 35. Kb3 Qxb2+ 36. Ka4 b5+ 37. Qxb5 cxb5+ 38. Ka5 Qa3+ 39. Kxb5 Bd7# 0-1

[Event "Mumbai Wealth op U13 4th"]
[Site "Mumbai"]
[Date "2019.01.06"]
[Round "8"]
[White "Mahajan, Ayush"]
[Black "Nanal, Arnav"]
[Result "0-1"]
[WhiteElo "1629"]
[BlackElo "1456"]
[PlyCount "153"]
[EventDate "2018.12.30"]
[EventType "swiss"]
[EventRounds "9"]
[EventCountry "IND"]
[SourceTitle "CBM 188 Extra"]
[Source "ChessBase"]
[SourceDate "2019.02.26"]
[SourceVersion "1"]
[SourceVersionDate "2019.02.26"]
[SourceQuality "1"]

1. e4 c6 2. Nf3 d5 3. Nc3 Nf6 4. e5 Ne4 5. d4 Nxc3 6. bxc3 Bf5 7. Bd3 Bxd3 8. Qxd3 e6 9. 0-0 Be7 10. Rb1 b6 11. Re1 0-0 12. Re3 Nd7 13. h4 Bxh4 14. Nxh4 Qxh4 15. Ba3 Rfe8 16. Rbe1 Qh5 17. Rh3 Qf5 18. Qd2 f6 19. Bd6 fxe5 20. Rf3 Qh5 21. dxe5 Nc5 22. Qf4 Ne4 23. Rxe4 dxe4 24. Qxe4 Qg6 25. Qxg6 hxg6 26. Kh2 Rad8 27. Kg3 Rd7 28. Rf4 Rf7 29. Rg4 Rf5 30. Ra4 Ra8 31. f3 Rh5 32. c4 a6 33. Ra3 Rh1 34. Rb3 b5 35. Rc3 Rc1 36. a3 Rc8 37. f4 c5 38. cxb5 axb5 39. Rxc5 Rxc5 40. Bxc5 Rxc2 41. Bd6 Kf7 42. Kf3 g5 43. g3 gxf4 44. Kxf4 Kg6 45. g4 Rc3 46. Be7 Rc7 47. Bd6 Rf7+ 48. Kg3 Kg5 49. Bb4 Rc7 50. Bd2+ Kg6 51. Bb4 Rc4 52. Bd6 Kf7 53. Kh4 g6 54. Kg5 Re4 55. Bb8 Rd4 56. Ba7 Rd3 57. Bc5 Rd5 58. Bd6 Rxd6 59. exd6 e5 60. d7 Ke7 61. Kxg6 e4 62. Kh7 e3 63. g5 e2 64. g6 e1Q 65. g7 Qh4+ 66. Kg6 Qf6+ 67. Kh7 Qf7 68. Kh8 Qh5+ 69. Kg8 Qh6 70. d8Q+ Kxd8 71. Kf7 Qh7 72. Kf8 Qf5+ 73. Kg8 Ke7 74. Kh8 Qh5+ 75. Kg8 Qg6 76. a4 bxa4 77. Kh8 0-1

[Event "Mumbai Wealth op U13 4th"]
[Site "Mumbai"]
[Date "2019.01.02"]
[Round "4"]
[White "Rout, Yashita"]
[Black "Nanal, Arnav"]
[Result "0-1"]
[WhiteElo "1264"]
[BlackElo "1456"]
[PlyCount "112"]
[EventDate "2018.12.30"]
[EventType "swiss"]
[EventRounds "9"]
[EventCountry "IND"]
[SourceTitle "CBM 188 Extra"]
[Source "ChessBase"]
[SourceDate "2019.02.26"]
[SourceVersion "1"]
[SourceVersionDate "2019.02.26"]
[SourceQuality "1"]

1. e4 c5 2. Nf3 d6 3. d4 cxd4 4. Nxd4 Nf6 5. Nc3 a6 6. Be2 e5 7. Nb3 Be6 8. 0-0 Be7 9. Qd3 Nbd7 10. Bd2 0-0 11. Nd5 Bxd5 12. exd5 b5 13. Bf3 Re8 14. Rfe1 Qc7 15. Rad1 Rac8 16. c3 h6 17. Bc1 Bf8 18. Be4 Nxe4 19. Qxe4 Nf6 20. Qd3 Qc4 21. f3 a5 22. Qxc4 bxc4 23. Nd2 Rc5 24. Ne4 Nxe4 25. fxe4 Be7 26. Rf1 Bg5 27. Bxg5 hxg5 28. Rd2 Rb8 29. Rff2 a4 30. a3 f6 31. g4 Kf7 32. Kg2 Rh8 33. Kg3 Rb5 34. h3 Rbb8 35. Rf1 Rh4 36. Rh2 Rf8 37. Rg2 Ke7 38. Rgf2 Rh7 39. Rf3 g6 40. R3f2 Rhf7 41. Rf3 f5 42. gxf5 gxf5 43. exf5 Kf6 44. Re3 Rh7 45. Re4 Rfh8 46. Rh1 Rh4 47. Rxh4 Rxh4 48. Rf1 Rf4 49. Rxf4 exf4+ 50. Kg4 Ke5 51. h4 gxh4 52. Kxh4 Kxf5 53. Kh3 Ke4 54. Kg2 Ke3 55. Kf1 f3 56. Ke1 f2+ 0-1

[Event "Mumbai Wealth op U13 4th"]
[Site "Mumbai"]
[Date "2018.12.31"]
[Round "2"]
[White "Pranav, V."]
[Black "Nanal, Arnav"]
[Result "1-0"]
[WhiteElo "2314"]
[BlackElo "1456"]
[PlyCount "215"]
[EventDate "2018.12.30"]
[EventType "swiss"]
[EventRounds "9"]
[EventCountry "IND"]
[SourceTitle "CBM 188 Extra"]
[Source "ChessBase"]
[SourceDate "2019.02.26"]
[SourceVersion "1"]
[SourceVersionDate "2019.02.26"]
[SourceQuality "1"]

1. e4 c6 2. Nc3 d5 3. Qe2 d4 4. Nd1 e5 5. g3 Nf6 6. Bg2 Bg4 7. Nf3 Nbd7 8. h3 Bh5 9. d3 Be7 10. 0-0 0-0 11. g4 Bg6 12. Nh4 Ne8 13. Nxg6 fxg6 14. f4 Nc7 15. f5 g5 16. Bf3 h6 17. Bd2 a5 18. Qh2 Na6 19. Nf2 Nc7 20. Kg2 Ne8 21. c3 c5 22. Rac1 Nd6 23. Rc2 a4 24. Rfc1 Nb5 25. Be2 b6 26. Nh1 Kh8 27. Ng3 Nf6 28. c4 Nd6 29. Bf3 Nf7 30. Nf1 Qd7 31. Qg3 Rfb8 32. Be1 Qd8 33. Nd2 Ra7 34. Be2 Rd7 35. Rd1 Nh7 36. Nf3 Bf6 37. Rb1 Ra7 38. Bd1 Rba8 39. Rf2 Qe7 40. Bc2 Qd8 41. Bd2 Qe7 42. Rh1 Qd8 43. h4 Qe7 44. Kf1 Kg8 45. Rfh2 Qd6 46. Ke2 Rd8 47. Rb1 Rda8 48. b4 Rb8 49. Rhh1 Qd8 50. bxc5 bxc5 51. Rxb8 Qxb8 52. Rb1 Qd8 53. h5 Nf8 54. Qe1 Nd6 55. Qd1 Qa8 56. Rb6 Nc8 57. Rb5 Nd7 58. a3 Nd6 59. Rb2 Bd8 60. Qb1 Bf6 61. Be1 Kh7 62. Bg3 Ra6 63. Kf2 Ra5 64. Kg2 Ra6 65. Kf2 Ra5 66. Qh1 Ra6 67. Ke2 Ra5 68. Ng1 Ra7 69. Nh3 Ra6 70. Qb1 Ra5 71. Nf2 Ra7 72. Nd1 Ra6 73. Be1 Ra7 74. Bd2 Ra6 75. Qa2 Ra7 76. Rb1 Ra6 77. Nb2 Nb6 78. Kf3 Qa7 79. Nd1 Nd7 80. Rb2 Qa8 81. Qb1 Ra7 82. Nf2 Ra6 83. Nh3 Ra7 84. Qc1 Nf7 85. Bb1 Ra6 86. Ba2 Qd8 87. Qe1 Nd6 88. Nf2 Qa8 89. Nd1 Ra7 90. Nf2 Ra6 91. Qc1 Ra7 92. Nh3 Qd8 93. Rb5 Nxb5 94. cxb5 Rb7 95. Qc4 Qb8 96. Qf7 Rxb5 97. Bxg5 Bxg5 98. Nxg5+ hxg5 99. h6 Qf8 100. Qg6+ Kh8 101. hxg7+ Qxg7 102. Qh5+ Qh7 103. Qe8+ Kg7 104. Qxd7+ Kh8 105. Qe8+ Kg7 106. Qe7+ Kh6 107. Qf6+ Qg6 108. Qxg6# 1-0